• 首页
  • 本馆介绍
  • 公告通知
  • 最新文献
  • 馆藏检索
  • 电子资源
  • 读者导购
  • 参考咨询
  • 我的图书馆
  • 登录
  • 详细信息显示
  • 放入我的书架
  • 预约/预借图书
  • 作者相关作品
  • 分类相关作品
  • 丛书相关作品
  • 出版社相关作品

书目信息

  • 表格格式
  • 工作单格式
  • 卡片格式
题名:
法人单位基础信息库标准与公共服务的应用
    
 
作者: 葛健, , 易验 著
分册:  
出版信息: 北京   经济管理出版社  2018
页数: 244页
开本: 24cm
丛书名:
单 册:
中图分类: TP311.131-65 , TP311.131
科图分类:
主题词: 数据库管理系统--shu ju ku guan li xi tong--技术标准
电子资源:
ISBN: 978-7-5096-5583-2
000 01248nam0 2200253 450
001 2356889644
005 20231203154835.35
010    @a978-7-5096-5583-2@dCNY69.00
100    @a20180630d2018 em y0chiy50 ea
101 0  @achi
102    @aCN@b110000
105    @aak z 000yy
200 1  @a法人单位基础信息库标准与公共服务的应用@Afa ren dan wei ji chu xin xi ku biao zhun yu gong gong fu wu de ying yong@f葛健, 易验等著
210    @a北京@c经济管理出版社@d2018
215    @a244页@c图@d24cm
314    @a葛健, 1964年9月出生于山西太原, 祖籍河南洛阳, 管理学博士。现为中国社会科学院工业经济研究所副研究员、信息网络室副主任。
330    @a为了从信息化的各类方法中寻找既具有充分的理论价值同时又现实可行的分析框架, 为我国四大基础数据库建设特别是法人库建设提供科学合理且行之有效的技术方法和建设途径, 基于此, 本书首先研究国内外的有关行政管理和业务参考模型, 接着分析行政业务与数据处理之间的关系, 然后再在此基础上分析国家主数据管理对电子政务特别是法人基础数据库建设的方法论含义及其重要意义。
606 0  @a数据库管理系统@Ashu ju ku guan li xi tong@x技术标准
690    @aTP311.131-65@v5
690    @aTP311.131@v4
701  0 @a葛健,@Age jian@f1964-@4著
701  0 @a易验@Ayi yan@4著
801  0 @aCN@b湖北三新@c20180630
905    @aBZT@dTP311.131@e3
    
    法人单位基础信息库标准与公共服务的应用/葛健, 易验等著.-北京:经济管理出版社,2018
    244页:图;24cm
    
    
    ISBN 978-7-5096-5583-2:CNY69.00
    为了从信息化的各类方法中寻找既具有充分的理论价值同时又现实可行的分析框架, 为我国四大基础数据库建设特别是法人库建设提供科学合理且行之有效的技术方法和建设途径, 基于此, 本书首先研究国内外的有关行政管理和业务参考模型, 接着分析行政业务与数据处理之间的关系, 然后再在此基础上分析国家主数据管理对电子政务特别是法人基础数据库建设的方法论含义及其重要意义。
●
相关链接 在五车中查询图书 在当当中查询图书 在豆瓣中查询图书


正题名:法人单位基础信息库标准与公共服务的应用     索取号:TP311.131/3         预约/预借

序号 登录号 条形码 馆藏地/架位号 状态 备注
1 2001317076   2001317076   320书库/ [索取号:TP311.131/3] 在馆    
2 2001317077   2001317077   320书库/ [索取号:TP311.131/3] 在馆    
3 2001317078   2001317078   320书库/ [索取号:TP311.131/3] 在馆    
4 2001317079   2001317079   320书库/ [索取号:TP311.131/3] 在馆    
5 2001317080   2001317080   320书库/ [索取号:TP311.131/3] 在馆    
6 2001317081   2001317081   320书库/ [索取号:TP311.131/3] 在馆    
7 2001317082   2001317082   320书库/ [索取号:TP311.131/3] 在馆    
8 2001317083   2001317083   320书库/ [索取号:TP311.131/3] 在馆    
9 2001317084   2001317084   320书库/ [索取号:TP311.131/3] 在馆    
10 2001317085   2001317085   320书库/ [索取号:TP311.131/3] 在馆    
11 2001317086   2001317086   320书库/ [索取号:TP311.131/3] 在馆    
12 2001317087   2001317087   320书库/ [索取号:TP311.131/3] 在馆    
13 2001317088   2001317088   320书库/ [索取号:TP311.131/3] 在馆    
14 2001317089   2001317089   320书库/ [索取号:TP311.131/3] 在馆    
15 2001317090   2001317090   320书库/ [索取号:TP311.131/3] 在馆    
山东省滨州职业学院图书馆 欢迎您!
大连网信软件有限公司© 版权所有